My lush life (Record no. 32823)

MARC details
000 -LEADER
fixed length control field 00353nam a2200157Ia 4500
020 ## - INTERNATIONAL STANDARD BOOK NUMBER
ISBN 0- 7582- 0222- 9
050 ## - CALL MARK
Classification number PS3613.C435
100 ## - STATEMENT OF RESPONSIBILITY--MAIN AUTHOR NAME
Personal name Douglas McEwan
245 #0 - TITLE STATEMENT
Title My lush life
260 ## - PUBLICATION, DISTRIBUTION, ETC. (IMPRINT)
Name of publisher Kensington books
260 ## - PUBLICATION, DISTRIBUTION, ETC. (IMPRINT)
Year of publication 2002
300 ## - PHYSICAL DESCRIPTION
Number of Pages 332 p
942 ## - ADDED ENTRY ELEMENTS (KOHA)
Koha item type Books
Holdings
Withdrawn status Lost status Source of classification or shelving scheme Damaged status Not for loan Permanent Location Current Location Date acquired Accession Number Price effective from Koha item type
    Library of Congress Classification     NILE UNIVERSITY OF NIGERIA - MAIN LIBRARY NILE UNIVERSITY OF NIGERIA - MAIN LIBRARY 04/23/2025 0006154 04/23/2025 Books